000 00849 a2200217 4500
003 Nust
005 20230307112651.0
010 _a 93189387
020 _a1854091557 :
035 _a(OCoLC)27937198
040 _cNust
082 _a355.07,ESH
100 1 _aEshel, David.
_946708
245 1 0 _aDaring to win :
_bspecial forces at war /
_cDavid Eshel.
260 _aLondon :
_bArms and Armour ;
_aNew York, NY :
_bDistributed in the USA by Sterling Pub. Co.,
_cc1992.
300 _a214 p.;
_bill. ;
_c24 cm.
505 _aPart.1 Great Commando Actions (Page-9), Part.2 Post-War Elite Actions (Page-103), Part.3 Raiders From the Sky (Page-167), Part.4 Warriors of the Sea (Page-195).
650 0 _aMilitary history, Modern
_y20th century.
_9105933
650 0 _aSpecial forces (Military science)
_xHistory
_y20th century.
_9109938
942 _2ddc
_cBK
999 _c185506
_d185506